| 000 | 00362 a2200109 4500 | ||
|---|---|---|---|
| 001 | ART_45587 | ||
| 005 | 20260410161939.0 | ||
| 008 | 260409a | ||
| 245 | 1 | 0 | _aMini-Symposium on reforming the world's monetary system |
| 100 | 1 | _aDavidson, Paul | |
| 773 | 0 |
_tJournal of post Keynesian economics _g- Vol. 15, NÂș 2 (dic.1992/mar.1993) _wREV26226 |
|
| 999 |
_c29359 _d29359 |
||